banner-ar

المدرس فى المدرسة و المجتمع / (Record no. 44805)

MARC details
000 -الفاتح
حقل البيانات ثابتة الطول 00670nam a2200217Ia 4500
008 - عناصر البيانات ثابتة الطول - معلومات عامة
حقل البيانات ثابتة الطول 140319s9999 xx 000 0 ara d
040 ## - مصدر الفهرسة
وكالة الفهرسة الأصلية GCL /
وكالة النسخ GCL
082 04 - رقم تصنيف ديوى العشرى
رقم التصنيف 371.104
رقم المادة ا م
100 1# - المدخل الرئيسى - إسم شخصى
الإسم الشخصى مصطفى بدران
245 10 - بيان العنوان
العنوان المدرس فى المدرسة و المجتمع /
بيان المسئوليه,etc مصطفى بدران
700 1# - المدخل الاضافى - اسم شخصى
الإسم الشخصى ابوالفتوح رضوان
700 1# - المدخل الاضافى - اسم شخصى
الإسم الشخصى احمد عبدالعزيز
700 1# - المدخل الاضافى - اسم شخصى
الإسم الشخصى محمد احمد المنام
490 ## - بيان السلسلة
عنوان السلسلة
650 04 - المدخل الاضافى بالموضوع-مصطلح موضوعى
مصطلح موضوعي التربية
650 04 - المدخل الاضافى بالموضوع-مصطلح موضوعى
مصطلح موضوعي المدرسة والمجتمع
650 04 - المدخل الاضافى بالموضوع-مصطلح موضوعى
مصطلح موضوعي المدرسون
942 ## - عناصر المدخل الإضافي( كوها)
مصدر التصنيف او مخطط الترفيف Dewey Decimal Classification
Koha [default] item type كتاب
260 ## - PUBLICATION, DISTRIBUTION, ETC. (IMPRINT)
-- [S.N] :
-- مكتبة الانجلوالمصرية
Holdings
حالة التراجع حالة الفقد حالة تلف ليس للاعارة المكان المؤقت الموقع الحالى تاريخ الاكتساب اجمالي اﻻعارات رقم الطلب الباركود تاريخ اخر مشاهدة تاريخ تفعيل السعر نوع وعاء كوها
        مكتبة القاهرة الكبرى مكتبة القاهرة الكبرى 03/26/2014   371.104\ا م 109416 03/26/2014 03/26/2014 كتاب
        مكتبة القاهرة الكبرى مكتبة القاهرة الكبرى 03/26/2014   371.104\ا م 109417 03/26/2014 03/26/2014 كتاب

Powered By

EGPV